[Event "Barbera op "]
[Site "?"]
[Date "2012.07.04"]
[Round "1"]
[White "Turov, M."]
[Black "Mamedjarova, Z."]
[Result "1-0"]
[WhiteElo "2642"]
[BlackElo "2307"]
[PlyCount "93"]
[EventDate "2012.??.??"]
[EventType "swiss"]
[EventRounds "9"]

1. d4 Nf6 2. c4 c5 3. d5 e6 4. Nc3 exd5 5. cxd5 d6 6. Nf3 g6 7. Bf4 a6 8. a4
Bg7 9. h3 O-O 10. e3 b6 11. Be2 Ne8 12. O-O Nd7 13. Rb1 Ne5 14. Qd2 h6 15. b4
Nxf3+ 16. Bxf3 g5 17. Bg3 f5 18. bxc5 bxc5 19. Be2 f4 20. exf4 gxf4 21. Bh2 Qg5
22. Ne4 Qg6 23. Bf3 Bxh3 24. Bxf4 Be5 25. Bxe5 Rxf3 26. Bg3 Bxg2 27. Kxg2 Qxe4
28. Rfe1 Rxg3+ 29. Kxg3 Qg6+ 30. Kh2 Qh5+ 31. Kg1 Qg4+ 32. Kf1 Qh3+ 33. Ke2
Qh5+ 34. f3 Ng7 35. Rh1 Qf5 36. Rbg1 Rb8 37. Kf2 Qe5 38. Rxg7+ Kxg7 39. Qxh6+
Kf7 40. Qh7+ Qg7 41. Qf5+ Ke8 42. Qe6+ Kd8 43. Qxd6+ Kc8 44. Qxc5+ Kb7 45. Rb1+
Ka8 46. Rxb8+ Kxb8 47. Qb6+ 1-0

[Event "Barbera op "]
[Site "?"]
[Date "2012.07.04"]
[Round "1"]
[White "Uribe Arteaga, D."]
[Black "Hernandez Carmenates, H."]
[Result "1/2-1/2"]
[WhiteElo "2272"]
[BlackElo "2569"]
[PlyCount "104"]
[EventDate "2012.??.??"]
[EventType "swiss"]
[EventRounds "9"]

1. d4 Nf6 2. Nf3 e6 3. e3 b6 4. Nbd2 Bb7 5. Bd3 c5 6. O-O Be7 7. Qe2 O-O 8. c3
d5 9. dxc5 bxc5 10. e4 Nc6 11. Re1 Qc7 12. e5 Nd7 13. Nf1 Rae8 14. Ng3 f5 15.
exf6 Bxf6 16. Ng5 Bxg5 17. Bxg5 c4 18. Bc2 Nde5 19. b4 d4 20. Be4 dxc3 21. b5
Nd4 22. Qe3 Nf7 23. Qxd4 Nxg5 24. Qxa7 Nxe4 25. Nxe4 Ra8 26. Qe3 Bxe4 27. Qxe4
Qb6 28. Qxe6+ Qxe6 29. Rxe6 c2 30. Ree1 Rad8 31. a4 Rd2 32. f3 Rfd8 33. b6 R8d7
34. Rac1 R7d3 35. a5 Rb3 36. Ra1 c3 37. a6 Rb1 38. b7 Rdd1 39. a7 Rxe1+ 40. Kf2
Rxa1 41. b8=Q+ Kf7 42. Qb3+ Re6 43. Qxc2 Rxa7 44. Qxc3 Ra2+ 45. Kf1 g5 46. h3
h6 47. Qc4 Raa6 48. Kf2 h5 49. h4 gxh4 50. Qxh4 Ra2+ 51. Kg1 Ra5 52. Kh2 Rf5
1/2-1/2

[Event "Barbera op "]
[Site "?"]
[Date "2012.07.04"]
[Round "1"]
[White "Vassallo Barroche, M."]
[Black "Hernandez Moya, Y."]
[Result "0-1"]
[WhiteElo "2433"]
[BlackElo "2177"]
[PlyCount "106"]
[EventDate "2012.??.??"]
[EventType "swiss"]
[EventRounds "9"]

1. d4 e6 2. Nf3 Nf6 3. g3 b6 4. Bg2 Bb7 5. O-O Be7 6. c4 O-O 7. Nc3 d5 8. cxd5
exd5 9. Bf4 a6 10. Rc1 Re8 11. Ne5 Nbd7 12. Qb3 Nf8 13. Nd3 Ne6 14. Be5 Qd7 15.
e3 Ne4 16. Nxe4 dxe4 17. Nf4 Nxf4 18. Bxf4 Rac8 19. h4 h6 20. Qd1 Bd5 21. Kh2
g5 22. hxg5 hxg5 23. Be5 f6 24. Bh3 Be6 25. Qb3 Bd8 26. Bxe6+ Rxe6 27. Bxc7
Rxc7 28. Rxc7 Bxc7 29. Rc1 Bb8 30. Qc4 Kg7 31. Qxa6 Re8 32. Kg2 Rh8 33. Rh1
Rxh1 34. Kxh1 Qh3+ 35. Kg1 Bxg3 36. Qb7+ Kh6 37. fxg3 Qxg3+ 38. Kh1 Qf3+ 39.
Kh2 g4 40. Qb8 Qf2+ 41. Kh1 Qf3+ 42. Kh2 Qh3+ 43. Kg1 Qxe3+ 44. Kg2 Qf3+ 45.
Kh2 Qf2+ 46. Kh1 g3 47. Qh8+ Kg5 48. Qg7+ Kf5 49. Qd7+ Kf4 50. Qc7+ Kf3 51.
Qc3+ Kg4 52. Qc8+ f5 53. Qg8+ Kf4 0-1

[Event "Barbera op "]
[Site "?"]
[Date "2012.07.05"]
[Round "2"]
[White "Alarcon Casellas, R."]
[Black "Mamedjarova, T."]
[Result "1-0"]
[WhiteElo "2436"]
[BlackElo "2259"]
[PlyCount "105"]
[EventDate "2012.??.??"]
[EventType "swiss"]
[EventRounds "9"]

1. d4 d5 2. Nf3 Nf6 3. Bf4 Bf5 4. c4 e6 5. Nc3 c6 6. Qb3 Qb6 7. c5 Qxb3 8. axb3
Nbd7 9. b4 Ne4 10. e3 Be7 11. h3 Nxc3 12. bxc3 O-O 13. b5 cxb5 14. Bxb5 Nf6 15.
Ke2 Ne4 16. Rhc1 g5 17. Bh2 f6 18. Ne1 Bg6 19. f3 Nxc5 20. dxc5 Bxc5 21. Bd3
Bf7 22. c4 d4 23. Bg1 e5 24. Be4 Rac8 25. Nd3 dxe3 26. Bxb7 Rc7 27. Nxc5 Rxc5
28. Bxe3 Rxc4 29. Rxa7 Rxc1 30. Bxc1 Rd8 31. Ba6 Rd4 32. Bd3 h5 33. Be3 Rb4 34.
Ra8+ Kg7 35. Bc5 Rb2+ 36. Kf1 Bd5 37. Ra7+ Rb7 38. Rxb7+ Bxb7 39. Bf5 Kf7 40.
Kf2 h4 41. Ke3 Ba6 42. Bd3 Bc8 43. Bc4+ Kg6 44. Bd6 Bd7 45. Bc7 Bc6 46. Bd3+
Kf7 47. Bd8 Bd5 48. Kd2 Bb7 49. Kc3 Ke6 50. Kb4 g4 51. hxg4 h3 52. gxh3 Bxf3
53. Bf5+ 1-0

[Event "Barbera op "]
[Site "?"]
[Date "2012.07.05"]
[Round "2"]
[White "Aloma Vidal, R."]
[Black "Jaramillo Ochoa, M."]
[Result "1/2-1/2"]
[WhiteElo "2400"]
[BlackElo "2030"]
[PlyCount "56"]
[EventDate "2012.??.??"]
[EventType "swiss"]
[EventRounds "9"]

1. d4 Nf6 2. Nf3 g6 3. Bg5 Bg7 4. Nbd2 O-O 5. c3 d6 6. e4 Nbd7 7. Bc4 e5 8.
dxe5 dxe5 9. Qe2 c6 10. O-O h6 11. Bh4 Qc7 12. Bg3 Nh5 13. Nh4 Kh7 14. Nf5 Nxg3
15. Nxg3 Nc5 16. h4 Ne6 17. h5 Nf4 18. Qe3 Qe7 19. Rfe1 Bg4 20. hxg6+ fxg6 21.
Be2 Be6 22. Nh1 h5 23. Qg3 Bh6 24. Nf1 Rad8 25. Qh2 Qg5 26. Qg3 Qe7 27. Qh2 Qg5
28. Qg3 Qe7 1/2-1/2

[Event "Barbera op "]
[Site "?"]
[Date "2012.07.05"]
[Round "2"]
[White "Anurag, M."]
[Black "Moreto Quintana, A."]
[Result "1-0"]
[WhiteElo "2301"]
[BlackElo "2166"]
[PlyCount "67"]
[EventDate "2012.??.??"]
[EventType "swiss"]
[EventRounds "9"]

1. c4 Nf6 2. g3 c5 3. Bg2 d5 4. cxd5 Nxd5 5. Nf3 Nc6 6. O-O e5 7. Nc3 Nc7 8. d3
Be7 9. Bd2 O-O 10. Rc1 Be6 11. Ne4 b6 12. a3 Qd7 13. b4 cxb4 14. Qa4 Bd5 15.
Nxe5 Nxe5 16. Qxd7 Nxd7 17. Rxc7 Rad8 18. axb4 f5 19. Bg5 Bxg5 20. Nxg5 Bxg2
21. Kxg2 Rfe8 22. e3 Nf6 23. Ra1 Rxd3 24. Raxa7 Nh5 25. Ne6 Rb3 26. Nxg7 Nxg7
27. Rxg7+ Kh8 28. Rxh7+ Kg8 29. Rag7+ Kf8 30. Rb7 Kg8 31. Rhg7+ Kh8 32. Rh7+
Kg8 33. Rh4 Re6 34. Rd4 1-0

[Event "Barbera op "]
[Site "?"]
[Date "2012.07.05"]
[Round "2"]
[White "Aprea, D."]
[Black "Gonzalez Perez, A."]
[Result "0-1"]
[WhiteElo "1942"]
[BlackElo "2452"]
[PlyCount "70"]
[EventDate "2012.??.??"]
[EventType "swiss"]
[EventRounds "9"]

1. d4 f5 2. Nc3 Nf6 3. Bg5 d5 4. Bxf6 exf6 5. e3 Nc6 6. Qf3 Be6 7. Bb5 Qd6 8.
Nge2 O-O-O 9. Nf4 Bf7 10. Nd3 g6 11. O-O h5 12. Rfb1 h4 13. h3 Ne7 14. Nc5 f4
15. e4 c6 16. a4 cxb5 17. Nxb5 Qb6 18. c4 dxc4 19. b3 Nc6 20. Qg4+ f5 21. exf5
Nxd4 22. fxg6+ Be6 23. Nxe6 Qxe6 24. g7 Bxg7 25. Qxg7 Nxb5 26. axb5 Rhg8 27.
Qc3 Rd3 28. Qxc4+ Qxc4 29. bxc4 f3 30. g4 hxg3 31. Rxa7 gxf2+ 32. Kxf2 Rg2+ 33.
Kf1 Rdd2 34. Rba1 Rh2 35. Ke1 Rde2+ 0-1

[Event "Barbera op "]
[Site "?"]
[Date "2012.07.05"]
[Round "2"]
[White "Aranaz Portugues, JC."]
[Black "Vassallo Barroche, M."]
[Result "0-1"]
[WhiteElo "2189"]
[BlackElo "2433"]
[PlyCount "106"]
[EventDate "2012.??.??"]
[EventType "swiss"]
[EventRounds "9"]

1. d4 d6 2. Bg5 h6 3. Bh4 c5 4. c3 Qb6 5. Qd2 g5 6. Bg3 Nf6 7. f3 Bg7 8. Na3
cxd4 9. cxd4 Nc6 10. e3 O-O 11. Bc4 d5 12. Bd3 Nh5 13. Ne2 Nxg3 14. hxg3 e5 15.
dxe5 Nxe5 16. Nb5 a6 17. Nbd4 Qxb2 18. Rb1 Qxd2+ 19. Kxd2 b5 20. Nc3 Rd8 21.
Nxd5 Rxd5 22. Be4 Nc4+ 23. Kd3 Rxd4+ 24. exd4 Ra7 25. g4 Be6 26. Ke2 Nb6 27. a3
Bc4+ 28. Ke3 Re7 29. Rbd1 Nd5+ 30. Kd2 Nf6 31. Bd3 Rc7 32. Rde1 Bf8 33. Re3
Bxa3 34. Rxh6 Bb4+ 35. Kd1 Kg7 36. Rh1 Bxd3 37. Rxd3 Nd5 38. Rb3 a5 39. f4 Nxf4
40. Re3 Rc4 41. Re5 Rxd4+ 42. Kc2 Rd2+ 43. Kb1 Ne6 44. Rxb5 Rxg2 45. Rb8 Rxg4
46. Rbh8 Rf4 47. R1h6 a4 48. R8h7+ Kf8 49. Rh8+ Ke7 50. Ra8 Bc5 51. Ra5 g4 52.
Rh4 Bf2 53. Rh7 g3 0-1

[Event "Barbera op "]
[Site "?"]
[Date "2012.07.05"]
[Round "2"]
[White "Asis Gargatagli, H."]
[Black "Fenollar Jorda, M."]
[Result "1-0"]
[WhiteElo "2482"]
[BlackElo "2354"]
[PlyCount "49"]
[EventDate "2012.??.??"]
[EventType "swiss"]
[EventRounds "9"]

1. e4 e6 2. d4 d5 3. Nd2 Nf6 4. e5 Nfd7 5. Ngf3 c5 6. c3 Nc6 7. Bd3 Be7 8. O-O
a5 9. Re1 cxd4 10. cxd4 Qb6 11. Nb1 Nxd4 12. Nxd4 Qxd4 13. Nc3 Qb6 14. Qg4 O-O
15. Bh6 g6 16. Bxf8 Bxf8 17. Bb5 d4 18. Nd5 Qxb5 19. Nc7 Qc6 20. Nxa8 b6 21.
Qe4 Qb5 22. Nc7 Qxb2 23. Qa8 Nxe5 24. Qxc8 Ng4 25. Nxe6 1-0

[Event "Barbera op "]
[Site "?"]
[Date "2012.07.05"]
[Round "2"]
[White "Bas Mas, JJ."]
[Black "Miller, JS."]
[Result "1-0"]
[WhiteElo "2214"]
[BlackElo "2060"]
[PlyCount "93"]
[EventDate "2012.??.??"]
[EventType "swiss"]
[EventRounds "9"]

1. e4 c5 2. Nf3 Nc6 3. d4 cxd4 4. Nxd4 g6 5. Nc3 Bg7 6. Be3 Nf6 7. Bc4 O-O 8.
Bb3 a5 9. O-O a4 10. Nxa4 Nxe4 11. Nb5 d5 12. c3 d4 13. cxd4 Nd6 14. Nxd6 Qxd6
15. Nb6 Ra6 16. d5 Na5 17. Nc4 Qd8 18. Nxa5 Rxa5 19. Qe2 Bd7 20. Rfd1 Ba4 21.
Bxa4 Rxa4 22. Bg5 Re8 23. Qb5 Qa8 24. a3 Ra5 25. Qb3 Qa6 26. Bd2 Rb5 27. Bb4
Qb6 28. Rd2 Be5 29. Qc4 Bd6 30. Bc3 Qc5 31. Qh4 Rc8 32. Rd3 f6 33. Qe4 Kg7 34.
Qe6 Qc7 35. h4 Rd8 36. Rad1 Qd7 37. Qe4 h5 38. b4 Rb6 39. Re1 Ra6 40. Bd4 Rc8
41. Bc5 Kf7 42. Rde3 Rc7 43. Qd4 Qb5 44. Re6 Be5 45. R6xe5 fxe5 46. Qxe5 Rxc5
47. Qxe7+ 1-0

[Event "Barbera op "]
[Site "?"]
[Date "2012.07.05"]
[Round "2"]
[White "Cordova Daza, E."]
[Black "Sequera Paolini, J."]
[Result "1-0"]
[WhiteElo "2584"]
[BlackElo "2407"]
[PlyCount "111"]
[EventDate "2012.??.??"]
[EventType "swiss"]
[EventRounds "9"]

1. d4 d5 2. Nf3 c6 3. c4 e6 4. e3 Nd7 5. b3 f5 6. Bd3 Bb4+ 7. Bd2 Bd6 8. Nc3
Nh6 9. Rb1 Qe7 10. b4 a6 11. a4 O-O 12. b5 axb5 13. axb5 Kh8 14. bxc6 bxc6 15.
cxd5 exd5 16. Qc2 Nf6 17. Ne2 Ba6 18. Bxa6 Rxa6 19. O-O Ne4 20. Nf4 g5 21. Nd3
g4 22. Nfe5 c5 23. Nf4 Bxe5 24. dxe5 Qxe5 25. Bc1 Nf7 26. Rb5 Rd8 27. Bb2 d4
28. Nd3 Qe8 29. Rxc5 Nxc5 30. Nxc5 Rf6 31. Bxd4 Rxd4 32. exd4 f4 33. Qe4 Qxe4
34. Nxe4 Re6 35. f3 gxf3 36. gxf3 Nd6 37. d5 Rg6+ 38. Kf2 Rh6 39. Nxd6 Rxd6 40.
Rd1 Kg7 41. Rd4 Kg6 42. Ke2 Kf5 43. Kd3 Ke5 44. Kc4 Ra6 45. Re4+ Kf5 46. Re2
Ra4+ 47. Kc5 Ra5+ 48. Kc6 Ra3 49. Rf2 Ke5 50. d6 Ra6+ 51. Kc7 Ra7+ 52. Kb6 Rd7
53. Kc5 Ra7 54. Re2+ Kf6 55. Rd2 Ke6 56. Kb6 1-0

[Event "Barbera op "]
[Site "?"]
[Date "2012.07.05"]
[Round "2"]
[White "Diaz Camallonga, C."]
[Black "Ivakhinova, I."]
[Result "0-1"]
[WhiteElo "2144"]
[BlackElo "2306"]
[PlyCount "92"]
[EventDate "2012.??.??"]
[EventType "swiss"]
[EventRounds "9"]

1. e4 e5 2. Nf3 Nc6 3. Bb5 a6 4. Ba4 Nf6 5. Qe2 Be7 6. O-O b5 7. Bb3 O-O 8. Rd1
d6 9. c3 Na5 10. Bc2 c5 11. h3 Qc7 12. d4 Nd7 13. dxe5 dxe5 14. Nbd2 Nf6 15.
Nf1 Nc4 16. b3 Nb6 17. Ne3 c4 18. bxc4 Nxc4 19. Nd5 Nxd5 20. exd5 Bb7 21. Ng5
Bxg5 22. Bxg5 f6 23. Be3 f5 24. Bg5 h6 25. Bc1 Qc5 26. Qh5 Rf6 27. Bb3 Rd8 28.
Bxc4 Qxc4 29. Ba3 Rxd5 30. Be7 Rf7 31. Bb4 Qc6 32. f3 Qb6+ 33. Kh1 a5 34. Ba3
Qc6 35. Rac1 Qe6 36. Bb2 Rfd7 37. Rxd5 Rxd5 38. Rc2 f4 39. c4 bxc4 40. Qg4 Qb6
41. Rc1 Qc5 42. Qe6+ Kh8 43. Qe8+ Kh7 44. Qe6 Bc6 45. Qf7 Rd2 46. Qxc4 Rd1+ 0-1

[Event "Barbera op "]
[Site "?"]
[Date "2012.07.05"]
[Round "2"]
[White "Dukaczewski, P."]
[Black "Fernandez Aguilar, F."]
[Result "1-0"]
[WhiteElo "2249"]
[BlackElo "1946"]
[PlyCount "49"]
[EventDate "2012.??.??"]
[EventType "swiss"]
[EventRounds "9"]

1. e4 e5 2. Nf3 Nc6 3. Bb5 f5 4. d3 fxe4 5. dxe4 Nf6 6. Nc3 Bb4 7. O-O d6 8.
Nd5 Bc5 9. b4 Bb6 10. Bg5 Bg4 11. h3 Bh5 12. c3 O-O 13. g4 Bg6 14. Re1 Bxf2+
15. Kxf2 Nxe4+ 16. Rxe4 Qxg5 17. Kg1 Rxf3 18. Qxf3 Rf8 19. Qg2 Bxe4 20. Qxe4
Qh4 21. Rf1 Rxf1+ 22. Bxf1 Qd8 23. Bc4 Kh8 24. Qf5 g6 25. Qf7 1-0

[Event "Barbera op "]
[Site "?"]
[Date "2012.07.05"]
[Round "2"]
[White "Fernandez Cardoso, A."]
[Black "Turov, M."]
[Result "0-1"]
[WhiteElo "2427"]
[BlackElo "2642"]
[PlyCount "88"]
[EventDate "2012.??.??"]
[EventType "swiss"]
[EventRounds "9"]

1. e4 c6 2. d4 d5 3. e5 Bf5 4. Nf3 e6 5. Be2 Ne7 6. O-O Bg6 7. b3 c5 8. c4 dxc4
9. bxc4 cxd4 10. Nxd4 a6 11. Qa4+ Nec6 12. Rd1 Qa5 13. Nxc6 Nxc6 14. Qb3 Qb4
15. Qg3 Bc5 16. Be3 O-O 17. Nd2 Nd4 18. Bf1 Ba7 19. Bf4 Rfd8 20. Rdc1 Rac8 21.
h4 Nf5 22. Qb3 Bxf2+ 23. Kxf2 Rxd2+ 24. Bxd2 Qxd2+ 25. Kg1 Qd4+ 26. Kh1 Qxh4+
27. Qh3 Qf4 28. Rc3 Qxe5 29. Rd1 h5 30. Rb3 h4 31. Qc3 Qf4 32. Qd2 Ng3+ 33. Kg1
Qxd2 34. Rxd2 Be4 35. Bd3 Bc6 36. Kh2 g5 37. Kh3 Kg7 38. Bc2 f5 39. Rd6 Kf6 40.
c5 g4+ 41. Kh2 Ne4 42. Bxe4 Bxe4 43. Rbb6 Rxc5 44. Rxe6+ Kg5 0-1

[Event "Barbera op "]
[Site "?"]
[Date "2012.07.05"]
[Round "2"]
[White "Fernandez Diaz, C."]
[Black "Ruiz Sanchez, O."]
[Result "0-1"]
[WhiteElo "2162"]
[BlackElo "2416"]
[PlyCount "116"]
[EventDate "2012.??.??"]
[EventType "swiss"]
[EventRounds "9"]

1. d4 d5 2. c4 c6 3. Nf3 Nf6 4. e3 e6 5. b3 Bd6 6. Bb2 O-O 7. Bd3 b6 8. O-O Bb7
9. Nbd2 c5 10. Ne5 Qe7 11. cxd5 exd5 12. f4 cxd4 13. exd4 Ba3 14. Bxa3 Qxa3 15.
Qf3 Na6 16. g4 Qb4 17. Qf2 Ne4 18. Nxe4 dxe4 19. Bc4 b5 20. a3 Qd6 21. Bxb5 e3
22. Qe2 Nc7 23. Bc4 Qxd4 24. Qd3 Qb6 25. Rae1 e2+ 26. Rf2 Ne6 27. Qxe2 Nd4 28.
Qe3 Rae8 29. Kf1 Ba6 30. Rd1 Rd8 31. Rd3 Rd6 32. Rfd2 Nxb3 33. Rxb3 Qxe3 34.
Rxe3 Rxd2 35. Bxa6 Rb8 36. Re1 Rxh2 37. Kg1 Rbb2 38. Nf3 Rhg2+ 39. Kh1 g6 40.
Ne5 Rgf2 41. Nd3 Rh2+ 42. Kg1 Rbg2+ 43. Kf1 Ra2 44. Kg1 Rhg2+ 45. Kf1 Rxg4 46.
Re7 Rxa3 47. Bc4 Rxd3 48. Bxd3 Rxf4+ 49. Kg2 a5 50. Ra7 a4 51. Bb5 Rb4 52. Bxa4
Rb2+ 53. Kf3 Ra2 54. Kf4 Ra1 55. Kg5 Kg7 56. Kf4 h5 57. Kg5 Ra3 58. Kh4 Kh6 0-1

[Event "Barbera op "]
[Site "?"]
[Date "2012.07.05"]
[Round "2"]
[White "Gonzalez Garcia, J."]
[Black "Palit, S."]
[Result "1-0"]
[WhiteElo "2518"]
[BlackElo "2393"]
[PlyCount "107"]
[EventDate "2012.??.??"]
[EventType "swiss"]
[EventRounds "9"]

1. d4 d5 2. c4 e5 3. dxe5 d4 4. Nf3 Nc6 5. a3 Nge7 6. b4 Ng6 7. Bb2 Ncxe5 8.
Nxe5 Nxe5 9. e3 Be6 10. Bxd4 Nxc4 11. Qc2 Nd6 12. Bd3 Qd7 13. O-O Nf5 14. Bb2
Be7 15. Rd1 Qc8 16. Nc3 Bf6 17. Nb5 Bxb2 18. Qxb2 O-O 19. Rac1 c6 20. Bxf5 Bxf5
21. Nd6 Qd7 22. e4 Bg6 23. Nf5 Bxf5 24. Rxd7 Bxd7 25. Qe5 Rae8 26. Qd4 Bc8 27.
f3 a6 28. Rd1 f6 29. Kf2 Kf7 30. Qb6 Re7 31. g4 Rfe8 32. Rd6 Kg6 33. h4 h6 34.
Kg3 Kf7 35. Kf4 Re5 36. Rd8 R5e7 37. Rxe8 Kxe8 38. g5 hxg5+ 39. hxg5 Be6 40.
Qa7 Kf7 41. Qb8 fxg5+ 42. Kxg5 Bb3 43. Qf4+ Kg8 44. Qd6 Kf7 45. Qd3 Be6 46. f4
Rd7 47. Qc3 Kf8 48. f5 Bf7 49. Qc5+ Kg8 50. e5 Bd5 51. Qe3 Re7 52. e6 Ba2 53.
Qe5 Re8 54. Kg6 1-0

[Event "Barbera op "]
[Site "?"]
[Date "2012.07.05"]
[Round "2"]
[White "Guerra Mendez, JA."]
[Black "Chakravarthi, YVK."]
[Result "1-0"]
[WhiteElo "2428"]
[BlackElo "2053"]
[PlyCount "77"]
[EventDate "2012.??.??"]
[EventType "swiss"]
[EventRounds "9"]

1. e4 e6 2. d4 d5 3. Nc3 dxe4 4. Nxe4 Bd7 5. Nf3 Bc6 6. Bd3 Nd7 7. O-O Ngf6 8.
Ng3 Be7 9. b3 O-O 10. Bb2 Bxf3 11. Qxf3 c6 12. Rfe1 Qa5 13. a3 Rfe8 14. c4 Bf8
15. Re2 Rac8 16. Rae1 a6 17. h4 b5 18. c5 g6 19. Ne4 Nxe4 20. Bxe4 Qc7 21. Bc1
e5 22. Bc2 Bg7 23. Bf4 Re6 24. Bg3 Rce8 25. b4 R6e7 26. Bb3 Kf8 27. h5 a5 28.
Bh4 f6 29. h6 Bh8 30. d5 cxd5 31. Qxd5 Re6 32. Qd3 R6e7 33. Qxb5 axb4 34. axb4
g5 35. Qc4 Re6 36. Qg4 R6e7 37. f3 Qb7 38. Bf2 Rb8 39. Qc4 1-0

[Event "Barbera op "]
[Site "?"]
[Date "2012.07.05"]
[Round "2"]
[White "Hernandez Moya, Y."]
[Black "Escobar Forero, A."]
[Result "0-1"]
[WhiteElo "2177"]
[BlackElo "2487"]
[PlyCount "194"]
[EventDate "2012.??.??"]
[EventType "swiss"]
[EventRounds "9"]

1. e4 c5 2. Nf3 e6 3. d4 cxd4 4. Nxd4 Nf6 5. Bd3 e5 6. Nb3 Nc6 7. Nc3 Be7 8.
Be3 O-O 9. O-O d6 10. h3 Be6 11. a3 g6 12. Qe2 Rc8 13. Rad1 a6 14. Bh6 Re8 15.
Be3 b5 16. Rd2 Nh5 17. Rfd1 Nf4 18. Qf3 Bxb3 19. cxb3 Ne6 20. Ne2 Bg5 21. Bxg5
Qxg5 22. Qg3 Qxg3 23. Nxg3 Ncd4 24. b4 Nf4 25. Bb1 Rc6 26. Kh2 Kg7 27. Nf1 Ra8
28. Ne3 a5 29. bxa5 Rxa5 30. Kg3 b4 31. axb4 Rb5 32. Nc2 Nxc2 33. Bxc2 Rxb4 34.
Bb1 Rcb6 35. Bd3 Rxb2 36. Rxb2 Rxb2 37. Bc4 Rb4 38. Bd5 h5 39. Bc6 Rb6 40. Ba8
Kf6 41. Rd2 Ke7 42. h4 Ra6 43. Bb7 Ra3+ 44. f3 f5 45. Kf2 Nd3+ 46. Kf1 Nc5 47.
Bd5 fxe4 48. fxe4 Rg3 49. Rf2 Ne6 50. Rf3 Rg4 51. g3 g5 52. hxg5 Nxg5 53. Re3
Nh7 54. Kf2 Nf6 55. Bc6 Rg8 56. Ra3 Rc8 57. Bb7 Rc7 58. Ba8 Rc2+ 59. Kg1 Rc4
60. Re3 Rd4 61. Kg2 Rd2+ 62. Kg1 Kf7 63. Bb7 Rb2 64. Ba8 Ke7 65. Bc6 Kd8 66.
Rf3 Ke7 67. Re3 Rb4 68. Kg2 Kd8 69. Kf3 Kc7 70. Rc3 Rd4 71. Be8+ Kd8 72. Bc6
Kc7 73. Be8+ Kb6 74. Bg6 Kb7 75. Rc2 Rb4 76. Rc3 Rb2 77. Rc1 Rb3+ 78. Kg2 Re3
79. Rc4 Kb6 80. Kf2 Ng4+ 81. Kg2 Re2+ 82. Kg1 Ne3 83. Bxh5 Rg2+ 84. Kh1 Rxg3
85. Rc3 Rh3+ 86. Kg1 Rxh5 87. Rxe3 Kc5 88. Re1 Rh6 89. Kf2 Kd4 90. Kf3 Rf6+ 91.
Kg3 Kd3 92. Kg2 Kd2 93. Ra1 Ke2 94. Kg3 Rf3+ 95. Kg2 Rd3 96. Rb1 Rd4 97. Rb6
Ke3 0-1

[Event "Barbera op "]
[Site "?"]
[Date "2012.07.05"]
[Round "2"]
[White "Isgandarova, K."]
[Black "Libiszewski, F."]
[Result "0-1"]
[WhiteElo "2206"]
[BlackElo "2505"]
[PlyCount "78"]
[EventDate "2012.??.??"]
[EventType "swiss"]
[EventRounds "9"]

1. e4 e6 2. d4 d5 3. exd5 exd5 4. Bd3 c5 5. Nf3 Nc6 6. O-O cxd4 7. Re1+ Be7 8.
Bb5 Nf6 9. Nxd4 Bd7 10. Nc3 O-O 11. Bg5 h6 12. Bh4 Rc8 13. Qd2 Nxd4 14. Bxd7
Qxd7 15. Qxd4 Rc4 16. Bxf6 Rxd4 17. Bxd4 Rc8 18. Rad1 Bc5 19. Re5 Bxd4 20. Rxd4
Rc5 21. Rdxd5 Rxd5 22. Rxd5 Qe6 23. Kf1 Qa6+ 24. Kg1 Qb6 25. Rb5 Qe6 26. Kf1
Qc4+ 27. Kg1 Qf4 28. g3 Qc1+ 29. Kg2 b6 30. Rb3 Qxc2 31. Nb5 Qe4+ 32. Kh3 g5
33. f3 Qb1 34. Nc3 Qh1 35. Nd5 Qf1+ 36. Kg4 Qc4+ 37. Nf4 Qc8+ 38. Kh5 gxf4 39.
g4 Qc2 0-1

[Event "Barbera op "]
[Site "?"]
[Date "2012.07.05"]
[Round "2"]
[White "Jareño Badenas, A."]
[Black "Canal Oliveras, J."]
[Result "1/2-1/2"]
[WhiteElo "2002"]
[BlackElo "2226"]
[PlyCount "68"]
[EventDate "2012.??.??"]
[EventType "swiss"]
[EventRounds "9"]

1. e4 d5 2. exd5 Nf6 3. Bb5+ Bd7 4. Qe2 Nxd5 5. Bxd7+ Qxd7 6. d4 Nc6 7. c3 g6
8. Na3 Bg7 9. Nf3 O-O-O 10. O-O Rhe8 11. Ne5 Nxe5 12. dxe5 Qf5 13. Re1 Nb6 14.
Nb5 Rd5 15. f4 a6 16. Nd4 Qd7 17. Nf3 Bh6 18. Be3 e6 19. Nd2 Rd8 20. Ne4 Qc6
21. Nf6 Rd3 22. Bd4 Qb5 23. b3 c5 24. c4 Qa5 25. Qxd3 Rxd4 26. Qh3 Bxf4 27.
Qxh7 Qd2 28. Qg8+ Rd8 29. Qxf7 Bxh2+ 30. Kxh2 Qf4+ 31. Kg1 Qd4+ 32. Kh1 Qh4+
33. Kg1 Qd4+ 34. Kh1 Qh4+ 1/2-1/2

[Event "Barbera op "]
[Site "?"]
[Date "2012.07.05"]
[Round "2"]
[White "Krishna, CRG."]
[Black "Shatko, D."]
[Result "1/2-1/2"]
[WhiteElo "2273"]
[BlackElo "2143"]
[PlyCount "102"]
[EventDate "2012.??.??"]
[EventType "swiss"]
[EventRounds "9"]

1. d4 d5 2. c4 e6 3. Nc3 Bb4 4. a3 Bxc3+ 5. bxc3 Nf6 6. f3 c5 7. cxd5 Nxd5 8.
dxc5 f5 9. Nh3 O-O 10. Nf4 Nc6 11. Nxd5 exd5 12. e3 Be6 13. Bb5 Rc8 14. a4 Qa5
15. Qb3 a6 16. Bxc6 Rxc6 17. Qb4 Qc7 18. a5 Rf7 19. Ba3 f4 20. Rd1 fxe3 21. Rd4
Qe5 22. Qb2 Bc8 23. Qa2 Be6 24. Bb4 Kh8 25. Qe2 Bf5 26. O-O Rh6 27. g3 Bd7 28.
f4 Qe6 29. Re1 Qf5 30. Qxe3 Re6 31. Qf2 Rfe7 32. Rdd1 Bc6 33. Rxe6 Rxe6 34. Re1
Rxe1+ 35. Qxe1 Qe4 36. Kf2 Kg8 37. Qxe4 dxe4 38. Ke3 Kf7 39. f5 Kf6 40. Kf4 g5+
41. fxg6 Kxg6 42. c4 h5 43. Bc3 e3 44. Kxe3 Bh1 45. Kf4 Bc6 46. Ke5 Bh1 47. Bd2
Bc6 48. Be3 Bh1 49. h3 Bg2 50. Kd6 Bc6 51. Ke5 Bg2 1/2-1/2

[Event "Barbera op "]
[Site "?"]
[Date "2012.07.05"]
[Round "2"]
[White "Mammadova, G."]
[Black "Alsina Leal, D."]
[Result "0-1"]
[WhiteElo "2341"]
[BlackElo "2535"]
[PlyCount "114"]
[EventDate "2012.??.??"]
[EventType "swiss"]
[EventRounds "9"]

1. e4 c5 2. Nf3 d6 3. d4 cxd4 4. Qxd4 Nc6 5. Bb5 Bd7 6. Bxc6 Bxc6 7. Nc3 Nf6 8.
Bg5 e6 9. O-O-O Be7 10. Qd3 Qa5 11. h4 h6 12. Bd2 Qa6 13. Qxa6 bxa6 14. Rhe1
Ng4 15. Re2 O-O 16. Nd4 Bd7 17. g3 Rfc8 18. Nb3 Be8 19. f4 Rab8 20. Be3 Nxe3
21. Rxe3 Rb6 22. Red3 Kf8 23. h5 Bc6 24. g4 Ba8 25. Na5 Bf6 26. Rxd6 Bxc3 27.
Rd8+ Rxd8 28. Rxd8+ Ke7 29. Rxa8 Bxa5 30. Rxa7+ Ke8 31. Ra8+ Kd7 32. Ra7+ Kc6
33. Rxf7 Rb4 34. e5 Bb6 35. Kd2 Kd5 36. b3 Ke4 37. g5 Be3+ 38. Kc3 Rb8 39. gxh6
gxh6 40. Rf6 Rb6 41. Rxh6 Bxf4 42. Rg6 Bxe5+ 43. Kd2 Rd6+ 44. Kc1 Kf5 45. a4
Bf6 46. b4 Rb6 47. b5 axb5 48. axb5 Rxb5 49. Rg2 Bg5+ 50. Kd1 Rb1+ 51. Ke2 Rh1
52. Kd3 Rxh5 53. c4 Rh1 54. Kd4 Rc1 55. Rf2+ Bf4 56. c5 e5+ 57. Kd5 e4 0-1

[Event "Barbera op "]
[Site "?"]
[Date "2012.07.05"]
[Round "2"]
[White "Massoni, M."]
[Black "Sanchez Dengra, JM."]
[Result "1-0"]
[WhiteElo "2365"]
[BlackElo "2002"]
[PlyCount "53"]
[EventDate "2012.??.??"]
[EventType "swiss"]
[EventRounds "9"]

1. e4 c5 2. Nf3 Nc6 3. d4 cxd4 4. Nxd4 d6 5. Nc3 e6 6. Be2 Nf6 7. O-O Be7 8.
Be3 O-O 9. f4 a6 10. Kh1 Qc7 11. a4 Re8 12. a5 Nxa5 13. e5 dxe5 14. fxe5 Nd7
15. Bf4 Nxe5 16. Bd3 g6 17. Qe2 f6 18. Ne4 Qd8 19. Nxf6+ Bxf6 20. Bxe5 Bxe5 21.
Qxe5 Nc6 22. Nxc6 bxc6 23. Bxg6 hxg6 24. Rf6 Kh7 25. Rf7+ Kh6 26. Qe3+ g5 27.
Qh3+ 1-0

[Event "Barbera op "]
[Site "?"]
[Date "2012.07.05"]
[Round "2"]
[White "Medina de Baets, VJ."]
[Black "Umudova, N."]
[Result "0-1"]
[WhiteElo "1978"]
[BlackElo "2210"]
[PlyCount "78"]
[EventDate "2012.??.??"]
[EventType "swiss"]
[EventRounds "9"]

1. c4 g6 2. Nf3 Bg7 3. Nc3 e5 4. g3 d6 5. Bg2 Ne7 6. O-O f5 7. d3 O-O 8. a3 h6
9. Rb1 a5 10. Bd2 Be6 11. b4 axb4 12. Rxb4 Bc8 13. Qc1 g5 14. h4 g4 15. Ne1
Nbc6 16. Rb1 f4 17. Nb5 fxg3 18. fxg3 Rxf1+ 19. Kxf1 Nf5 20. Bd5+ Kh8 21. Kg2
Nce7 22. e4 Nxh4+ 23. gxh4 Kh7 24. Bf7 c6 25. Kg3 cxb5 26. cxb5 Qf8 27. Bc4 Ng6
28. Bb4 Qf6 29. Ng2 Qf3+ 30. Kh2 Qh3+ 31. Kg1 g3 32. Qb2 Qh2+ 33. Kf1 Qh1+ 34.
Ke2 Qxg2+ 35. Ke3 Qh3 36. Rg1 Nxh4 37. Qe2 g2+ 38. Kf2 Bg4 39. Qa2 Rf8+ 0-1